Visualizzazione normale
Vista MARC
- Di Nardo Filippo (a cura di)
di Personal Name
Records bibliografici associati: 2
001 - CONTROL NUMBER
- control field: 57286
003 - CONTROL NUMBER IDENTIFIER
- control field:
005 - DATE AND TIME OF LATEST TRANSACTION
- control field: 20180705165126.0
008 - FIXED-LENGTH DATA ELEMENTS
- fixed length control field: 180705|| aca||aabn | a|a d
040 ## - CATALOGING SOURCE
- Original cataloging agency:
- Transcribing agency:
100 ## - HEADING--PERSONAL NAME
- Personal name: Di Nardo Filippo (a cura di)
670 ## - SOURCE DATA FOUND
- Source citation: Work cat.: (): Di Nardo Filippo (a cura di), Un welfare aziendale per le donne, 2017